Movies Beginning With P - The Last 40 Years - Statistics

General Stats
  • This quiz has been taken 25 times
  • The average score is 16 of 41
Answer Stats
Picture Answer % Correct
Pulp Fiction (1994)
94%
Paddington In Peru (2024)
89%
Pirates Of The Caribbean: The Curse Of The Black Pearl (2003)
83%
The Predator (2018)
83%
Pokémon: Detective Pikachu (2019)
78%
Power Rangers (2017)
78%
Paul (2011)
67%
Point Break (1991)
67%
The Princess Bride (1987)
67%
Platoon (1986)
61%
Planet Of The Apes (2001)
56%
Prince Of Persia: The Sands Of Time (2010)
56%
Passengers (2016)
50%
The Punisher (2004)
50%
Parenthood (1989)
44%
Poor Things (2023)
44%
Pale Rider (1985)
39%
The Perfect Storm (2000)
39%
The Perks Of Being A Wallflower (2012)
39%
Pan (2015)
33%
Philadelphia (1993)
33%
Prisoners (2013)
33%
Palm Springs (2020)
28%
Panic Room (2002)
28%
Planet Terror (2007)
28%
Public Enemies (2009)
28%
The Postman (1997)
28%
Payback (1999)
22%
Pearl (2022)
22%
Primal Fear (1996)
22%
Punchline (1988)
22%
The Parent Trap (1998)
17%
The Player (1992)
17%
The Producers (2005)
17%
Pride (2014)
11%
Pump Up The Volume (1990)
11%
The Prophecy (1995)
11%
Perfume: The Story Of A Murderer (2006)
6%
Play Dirty (2025)
6%
Pride And Glory (2008)
6%
The Protégé (2021)
6%
No matching quizzes found
Score Distribution
Percent of People with Each Score
Percentile by Number Answered
Your Score History
You have not taken this quiz